Catálogo público

El selenio y su efecto antes del empadre de un rebaño de ovejas pelibuey / (Record no. 220045)

MARC details
000 -CABECERA
campo de control de longitud fija 03020nam a2200337 a 4500
003 - IDENTIFICADOR DEL NÚMERO DE CONTROL
campo de control OSt
005 - FECHA Y HORA DE LA ÚLTIMA TRANSACCIÓN
campo de control 20240801142427.0
007 - CAMPO FIJO DE DESCRIPCIÓN FÍSICA--INFORMACIÓN GENERAL
campo de control de longitud fija cr ||||||a|c|a
008 - DATOS DE LONGITUD FIJA--INFORMACIÓN GENERAL
campo de control de longitud fija 240801s2021 mx a|||fom||| 001 0 spa d
040 ## - FUENTE DE LA CATALOGACIÓN
Normas de descripción rda
100 1# - ENTRADA PRINCIPAL--NOMBRE DE PERSONA
Nombre de persona Santiago Pérez, Xochitl
9 (RLIN) 189334
245 13 - MENCIÓN DE TÍTULO
Título El selenio y su efecto antes del empadre de un rebaño de ovejas pelibuey /
Mención de responsabilidad, etc. por Xochitl Santiago Pérez; director de tesis Jaime Gallegos Sánchez; secretario Carlos Guillermo Germán Alarcón; vocal David Saúl Reyes Ramírez; suplente José Luis Zaragoza Ramírez; suplente Elvia López Pérez.
264 #1 - PRODUCCIÓN, PUBLICACIÓN, DISTRIBUCIÓN, FABRICACIÓN Y COPYRIGHT
Producción, publicación, distribución, fabricación y copyright Chapingo, México :
Nombre del de productor, editor, distribuidor, fabricante El autor,
Fecha de producción, publicación, distribución, fabricación o copyright 2021.
300 ## - DESCRIPCIÓN FÍSICA
Extensión 1 recurso en línea (40 páginas):
Otras características físicas cuadros, figuras.
336 ## - TIPO DE CONTENIDO
Fuente rdacontent
Término de tipo de contenido texto
Código de tipo de contenido txt
337 ## - TIPO DE MEDIO
Fuente rdamedia
Nombre/término del tipo de medio computadora
Código del tipo de medio c
338 ## - TIPO DE SOPORTE
Fuente rdacarrier
Nombre/término del tipo de soporte recurso en línea
Código del tipo de soporte cr
502 ## - NOTA DE TESIS
Tipo de título Ingeniero Agrónomo Especialista en Zootecnia
Nombre de la institución que otorga el título Departamento de Enseñanza, Investigación y Servicio en Zootecnia,
Año de obtención del título 2021.
Información miscelánea Licenciatura
504 ## - NOTA DE BIBLIOGRAFÍA, ETC.
Nota de bibliografía, etc. Incluye referencias bibliográficas: páginas 25-31.
520 ## - SUMARIO, ETC.
Sumario, etc. La oveja Pelibuey es una raza que presenta actividad cíclica casi todo el año y es muy prolífica, por lo cual el objetivo del presente experimento fue evaluar el efecto del Selenio (Se) aplicado al inicio de un protocolo de sincronización de estros en las variables reproductivas de las ovejas Pelibuey. Se utilizaron 78 ovejas con condición corporal de 3 en la escala de 1 a 5, las cuales fueron asignadas al azar a uno de dos tratamientos: T1= CIDR3 + PGF2α4 (n=42), T2= CIDR + PGF2α + Se5 (n=36). La aplicación de Se (T2) fue al momento de insertar el CIDR (día cero del protocolo de sincronización). Las variables estudiadas fueron: incidencia de estros, inicio al estro, retorno a estro, gestación, prolificidad y fecundidad. El análisis de los datos se realizó mediante un análisis de varianza (ANOVA) y comparación de medias para las variables: inicio al estro, prolificidad y fecundidad, para las variables binomiales: incidencia de estro, retorno y gestación, se utilizó PROC FREQ y prueba de Chi-cuadrada del paquete estadístico InfoStat. La incidencia de estros fue de 93.58 % sin diferencias entre tratamientos (P>0.05). El inicio al estro, el retorno a estro, el porcentaje de gestación, el porcentaje de parición y la fecundidad fue similar entre tratamientos (P>0.05). Se concluyó que la aplicación de Se al momento de insertar el CIDR no afecta las variables reproductivas en ovejas Pelibuey.
650 #4 - PUNTO DE ACCESO ADICIONAL DE MATERIA--TÉRMINO DE MATERIA
Término de materia o nombre geográfico como elemento de entrada Ovejas pelibuey
Subdivisión general Reproducción
9 (RLIN) 188837
650 #4 - PUNTO DE ACCESO ADICIONAL DE MATERIA--TÉRMINO DE MATERIA
Término de materia o nombre geográfico como elemento de entrada Selenio
Subdivisión general Efecto en ovejas Pelibuey
9 (RLIN) 189335
650 #7 - PUNTO DE ACCESO ADICIONAL DE MATERIA--TÉRMINO DE MATERIA
Término de materia o nombre geográfico como elemento de entrada Ganado lanar
Subdivisión general Fecundidad
9 (RLIN) 45181
700 1# - PUNTO DE ACCESO ADICIONAL--NOMBRE DE PERSONA
Nombre de persona Gallegos Sánchez, Jaime
9 (RLIN) 44418
Término indicativo de función/relación Director de tesis.
700 1# - PUNTO DE ACCESO ADICIONAL--NOMBRE DE PERSONA
Nombre de persona Germán Alarcón, Carlos Guillermo
9 (RLIN) 47760
Término indicativo de función/relación Secretario.
700 1# - PUNTO DE ACCESO ADICIONAL--NOMBRE DE PERSONA
Nombre de persona Reyes Ramírez, David Saúl
9 (RLIN) 96957
Término indicativo de función/relación Vocal.
700 1# - PUNTO DE ACCESO ADICIONAL--NOMBRE DE PERSONA
Nombre de persona Zaragoza Ramírez, José Luis
9 (RLIN) 123684
Término indicativo de función/relación Suplente.
700 1# - PUNTO DE ACCESO ADICIONAL--NOMBRE DE PERSONA
Nombre de persona López Pérez, Elvia
9 (RLIN) 68223
Término indicativo de función/relación Suplente.
856 ## - LOCALIZACIÓN Y ACCESO ELECTRÓNICOS
Identificador Uniforme del Recurso http://10.13.5.2/tesis/tl/2021_ZO_Santiago_Perez_Xochitl.pdf
Nota pública DESCARGAR PDF
942 ## - ELEMENTOS DE PUNTO DE ACCESO ADICIONAL (KOHA)
Fuente del sistema de clasificación o colocación Clasificación Universidad Autónoma Chapingo
Tipo de ítem Koha Tesis digital
Holdings
Estado de retiro Estado de pérdida Fuente del sistema de clasificación o colocación Estado dañado Restricciones de uso No para préstamo Código de colección Localización permanente Ubicación/localización actual Ubicación en estantería Fecha de adquisición Total de préstamos Signatura topográfica completa Fecha visto por última vez Precio válido a partir de Tipo de ítem Koha
    Clasificación Universidad Autónoma de Chapingo   Préstamo interno   Tesis digitales de Licenciatura Biblioteca Digital Biblioteca Digital En línea 01/08/2024   Tesis digital 01/08/2024 01/08/2024 Tesis digital